00833 a2200205 45000010006000000050017000060080041000230030015000640400040000790800099001192450022002180200022002402500012002622640034002743000024003085050164003320410008004961000024005048560099005284791820260407155745.0260407a2018 arg spa dAR-UNSa-BCEJYS aAR-UNSa-BCEJYSbspacAR-UNSa-BCEJYS a657.36xBalances de comprobación (balance estimativo). Balances de saldo. Balance intermedio10aMi primer balance a978-987-01-2165-7 a3a. ed. 1aBuenos Aires :bErreparc2018 axvi, 192 p.c27 cm. a1. Tareas iniciales - 2. Rubros y registraciones. Ajustes - 3. Confección de Estados Contables - 4. Presentación de Estados Contables - 5. Tareas finales.  aspa1 aMantovan, Flavio A.41uhttps://www.biblioeco.unsa.edu.ar/pmb/images/libros/L127687.jpgyImagen de portadaqimage/jpeg